Statistics for Top 20 CONCACAF ranked countries

Click here to take the quiz!

General Stats

  • This quiz has been taken 54 times
  • The average score is 16 of 20

Answer Stats

FIFA World rankingCountry% Correct
17Costa Rica
100%
69Haiti
100%
18Mexico
100%
28USA
100%
75Honduras
98%
58Panama
98%
154Cuba
96%
83Trinidad and Tobago
96%
111Nicaragua
94%
138El Salvador
92%
78Guatemala
92%
77Jamaica
92%
120Canada
88%
130Dominican Republic
78%
134Guyana
74%
128Suriname
68%
145Puerto Rico
56%
80St Kitts and Nevis
38%
75Curaçao
34%
92Antigua and Barbuda
16%

Score Distribution

Percentile by Number Answered

Percent of People with Each Score

Your Score History

You have not taken this quiz